000 00349pab a2200145 454500
008 180718b2015 xxu||||| |||| 00| 0 eng d
100 _aKurien, John
245 _aAre our seas up for grabs?
260 _c2015
300 _ap.15-18.
362 _a13 Jun
650 _aSea fishing
773 _aEconomic and Political Weekly
909 _a108067
999 _c108062
_d108062